Hybrid rice for food security, poverty alleviation, and environmental protection / (Record no. 15810)

000 -LEADER
fixed length control field 00424cam a22001457a 4500
020 ## - INTERNATIONAL STANDARD BOOK NUMBER
ISBN 9712201880
040 ## - CATALOGING SOURCE
Transcribing agency OSU
082 ## - DEWEY DECIMAL CLASSIFICATION NUMBER
Classification number 191 IRR 2003 A002 Or.
245 10 - TITLE STATEMENT
Title Hybrid rice for food security, poverty alleviation, and environmental protection /
260 ## - PUBLICATION, DISTRIBUTION, ETC. (IMPRINT)
Place of publication Metro Manila, Philippines :
Name of publisher IRRI,
Year of publication 2003.
300 ## - PHYSICAL DESCRIPTION
Number of Pages viii, 407 p. :
Other physical details ill. (some col.) ;
Dimensions 23 cm.
650 #0 - SUBJECT ADDED ENTRY--TOPICAL TERM
Topical Term Hybrid rice
650 #0 - SUBJECT ADDED ENTRY--TOPICAL TERM
Topical Term Rice
942 ## - ADDED ENTRY ELEMENTS (KOHA)
Koha item type សៀវភៅភាសាអង់គ្លេស
952 ## - LOCATION AND ITEM INFORMATION (KOHA)
Withdrawn status [LOCAL, KOHA] 0
Holdings
Permanent Location Date acquired Koha item type Lost status Shelving location Barcode Current Location Full call number
Library Block A2017-12-12សៀវភៅភាសាអង់គ្លេស A009A11850Library Block A191 IRR 2003 A009 Or.
មជ្ឈមណ្ឌលឯការនៃសាកលវិទ្យាល័យភូមិន្ទកសិកម្មចំការដូង

Powered by Koha